<?xml version="1.0" encoding="UTF-8"?><?xml-stylesheet type="text/xsl" href="static/style.xsl"?><OAI-PMH xmlns="http://www.openarchives.org/OAI/2.0/" xmlns:xsi="http://www.w3.org/2001/XMLSchema-instance" xsi:schemaLocation="http://www.openarchives.org/OAI/2.0/ http://www.openarchives.org/OAI/2.0/OAI-PMH.xsd"><responseDate>2026-04-17T16:51:00Z</responseDate><request verb="GetRecord" identifier="oai:www.recercat.cat:2117/398993" metadataPrefix="marc">https://recercat.cat/oai/request</request><GetRecord><record><header><identifier>oai:recercat.cat:2117/398993</identifier><datestamp>2025-07-17T16:00:45Z</datestamp><setSpec>com_2072_1033</setSpec><setSpec>col_2072_452951</setSpec></header><metadata><record xmlns="http://www.loc.gov/MARC21/slim" xmlns:dcterms="http://purl.org/dc/terms/" xmlns:xsi="http://www.w3.org/2001/XMLSchema-instance" xmlns:doc="http://www.lyncode.com/xoai" xsi:schemaLocation="http://www.loc.gov/MARC21/slim http://www.loc.gov/standards/marcxml/schema/MARC21slim.xsd">
   <leader>00925njm 22002777a 4500</leader>
   <datafield ind2=" " ind1=" " tag="042">
      <subfield code="a">dc</subfield>
   </datafield>
   <datafield ind2=" " ind1=" " tag="720">
      <subfield code="a">Duran Duran, Janessa</subfield>
      <subfield code="e">author</subfield>
   </datafield>
   <datafield ind2=" " ind1=" " tag="260">
      <subfield code="c">2023-10-18</subfield>
   </datafield>
   <datafield ind2=" " ind1=" " tag="520">
      <subfield code="a">When contemplating the ideas of self, identity and portrayal, one is led to ponder several questions. Why is there an urge to capture ourselves (or at least myself) in this way? Why is there an urge to be seen? And, finally, where are we headed within this realm? I found that the answers to these questions live in the history of how people have created their own image throughout the years. The history is inextricably linked to the tools and technologies that allowed for these visual representations. Technology has always played a role in the way we document the self and has indeed led to every new development of seeing, capturing and designing the self. These technologies have allowed for us to see ourselves in a new light and present this image to the world, and the manner in which we do this will continue to change as cutting edge technology develops at a rapid pace. In an attempt to explore this idea of the designed self, I analyzed the technologies which have assisted me the most in my self-depictions, narrowed down to the mirror, the camera, and smartphone. &#xd;
&#xd;
In this work, I present the research of the three distinct technologies and their relationship in designing visual representations of the self. After this, I present a speculation of identity through designs of myself, the author. Here, the designed identity of Janessa Duran is presented through the eras of technology in two parts: the past and present technologies and the technologies of the future.</subfield>
   </datafield>
   <datafield tag="653" ind2=" " ind1=" ">
      <subfield code="a">Àrees temàtiques de la UPC::Arquitectura::Disseny</subfield>
   </datafield>
   <datafield tag="653" ind2=" " ind1=" ">
      <subfield code="a">Self -- Design</subfield>
   </datafield>
   <datafield tag="653" ind2=" " ind1=" ">
      <subfield code="a">Self-portraits</subfield>
   </datafield>
   <datafield tag="653" ind2=" " ind1=" ">
      <subfield code="a">Technology</subfield>
   </datafield>
   <datafield tag="653" ind2=" " ind1=" ">
      <subfield code="a">Selfie</subfield>
   </datafield>
   <datafield tag="653" ind2=" " ind1=" ">
      <subfield code="a">Self-portrait</subfield>
   </datafield>
   <datafield tag="653" ind2=" " ind1=" ">
      <subfield code="a">Identity</subfield>
   </datafield>
   <datafield tag="653" ind2=" " ind1=" ">
      <subfield code="a">Jo -- Disseny</subfield>
   </datafield>
   <datafield tag="653" ind2=" " ind1=" ">
      <subfield code="a">Autoretrats</subfield>
   </datafield>
   <datafield ind2="0" ind1="0" tag="245">
      <subfield code="a">Designing the self: technology and the evolution of self-depiction</subfield>
   </datafield>
</record></metadata></record></GetRecord></OAI-PMH>